000 00464nam a2200169Ia 4500
008 190423s9999 xx 000 0 und d
100 _aFitterman, Lisa
245 2 _aA Brother's love/
245 _cLisa Fitterman
260 _bReader's Digest Asia
260 _c2019
300 _aPages 50-57, February 2019
440 _aAsia Reader's Digest: The Power of fake pills
_v115:672
650 _aRelationship
650 _aSkin transplant
650 _aTragedy
999 _c361501
_d361501